Biznis a etika
Hlavné myšlienky konferencie "Biznis a etika", ktorá sa konala v Prahe začiatkom decembra, na podporu rozvoja etických princípov a pravidiel na všetkých úrovniach podnikania. Etika v trhovom hospodárstve - základ pre korektné partnerské vzťahy, pre spoluprácu a kooperáciu, na ktorej je založený svet...
Salvato in:
| Autore principale: | |
|---|---|
| Natura: | Capitolo di libro |
| Lingua: | slovacco |
| Soggetti: | |
| Tags: |
Nessun Tag, puoi essere il primo ad aggiungerne!!
|
MARC
| LEADER | 00000naa a2200000 4500 | ||
|---|---|---|---|
| 001 | r024899 | ||
| 005 | 20221213113322.6 | ||
| 041 | 0 | |a slo | |
| 044 | |a SK | ||
| 245 | 1 | 0 | |a Biznis a etika |c Anna Remišová |
| 520 | |a Hlavné myšlienky konferencie "Biznis a etika", ktorá sa konala v Prahe začiatkom decembra, na podporu rozvoja etických princípov a pravidiel na všetkých úrovniach podnikania. Etika v trhovom hospodárstve - základ pre korektné partnerské vzťahy, pre spoluprácu a kooperáciu, na ktorej je založený svetový hospodársky systém. Výchova k etike na všetkých typoch škôl. | ||
| 610 | 2 | 0 | |a etika podnikateľská |
| 610 | 2 | 0 | |a konferencie |
| 610 | 2 | 0 | |a Praha |
| 610 | 2 | 0 | |a december |
| 610 | 2 | 0 | |a 1994 |
| 610 | 2 | 0 | |a Česko |
| 610 | 2 | 0 | |a USA |
| 610 | 2 | 0 | |a podnikanie |
| 100 | 1 | |a Remišová, Anna | |